000 00542nam a2200217Ia 4500
003 OSt
005 20220924143208.0
006 a|||||r|||| 00| 0
007 ta
008 220923b |||||||| |||| 00| 0 ori d
024 _a307139
037 _cTextual
040 _aARTS
_cARTS
_bORI
041 _2ORI
_aORI
082 _aU8.2, 1591L9
100 _aMohanty Paramananda
_9215027
245 0 _aBharata Paryatana
260 _c1979
942 _hU8.2, 1591L9
_cTEXL
_2CC
999 _c453547
_d453547